000 005940000a22002050004500
003 LK-CoMWRAF
005 20231115101633.0
008 230817t1988 ||||| |||| 00| 0 eng d
020 _a8185029784
040 _aLK-CoMWRAF
_dLK-CoMWRAF
_eLK-CoMWRAF
041 _aeng
082 _a297.5
_bSHA
100 _aShabbir, Mohammad
245 _aMuslim personal law and judiciary
260 _aAllahabad:
_bLaw Book Company,
_c1988
300 _axxxiii, 344 p. ; 25 cm.
_bIndex included
650 _aDOMESTIC RELATIONS(ISLAMIC LAW)
650 _aDomestic relations--India--Digests.
942 _cBK
999 _c2459
_d2459